Vista normal
Vista MARC
Entrada Personal Name
Número de registros utilizados en: 2
001 - CONTROL NUMBER
- control field: 12251
003 - CONTROL NUMBER IDENTIFIER
- control field: DLC
005 - DATE AND TIME OF LATEST TRANSACTION
- control field: 20220311154113.0
008 - FIXED-LENGTH DATA ELEMENTS
- fixed length control field: 851217n| acannaabn |a aac
010 ## - LIBRARY OF CONGRESS CONTROL NUMBER
- LC control number: n 85164834
035 ## - SYSTEM CONTROL NUMBER
- System control number: (OCoLC)oca01466789
040 ## - CATALOGING SOURCE
- Original cataloging agency: DLC
- Language of cataloging: spa
- Transcribing agency: Mx-PuUPA
- Modifying agency: DLC
- Modifying agency: OCoLC
- Modifying agency: Mx-PuUPA
- Description conventions: rda
100 1# - HEADING--PERSONAL NAME
- Personal name: González Porto-Bompiani,
372 ## - FIELD OF ACTIVITY
- Field of activity: Literatura
- Field of activity: Biografías
374 ## - OCCUPATION
- Occupation: Autor
- Occupation: Novelista
375 ## - GENDER
- Gender: hombre
377 ## - ASSOCIATED LANGUAGE
- Language code: spa
400 1# - SEE FROM TRACING--PERSONAL NAME
- Personal name: Porto-Bompiani, González
400 1# - SEE FROM TRACING--PERSONAL NAME
- Personal name: Bompiani, González Porto-
670 ## - SOURCE DATA FOUND
- Source citation: Diccionario de autores, 1963, 1973 printing:
- Information found: t.p. (González Porto-Bompiani)
675 ## - SOURCE DATA NOT FOUND
- Source citation: QQ en las letras españolas, 1979;
- Source citation: Libros españoles. Cat. ISBN, 1979;
- Source citation: Dicc. biog. español contemp., 1970;
- Source citation: WW in Spain, 1963.